Apple Music 100 Best Albums - Statistics

General Stats
  • This quiz has been taken 482 times
    472 since last reset
  • The average score is 36 of 100
Answer Stats
Rank Artist Album % Correct
2 Michael Jackson Thriller
93%
1 Lauryn Hill The Miseducation of Lauryn Hill
82%
3 The Beatles Abbey Road
80%
4 Prince Purple Rain
78%
9 Nirvana Nevermind
73%
15 Adele 21
71%
12 Radiohead OK Computer
70%
5 Frank Ocean Blonde
68%
8 Amy Winehouse Back to Black
66%
11 Fleetwood Mac Rumours
65%
28 Pink Floyd The Dark Side of the Moon
63%
10 Beyonce Lemonade
60%
7 Kendrick Lamar good kid, m.A.A.d City
59%
18 Taylor Swift 1989
58%
6 Stevie Wonder Songs in the Key of Life
58%
16 Joni Mitchell Blue
57%
24 David Bowie The Rise and Fall of Ziggy Stardust and the Spiders From Mars
56%
20 The Beach Boys Pet Sounds
55%
21 The Beatles Revolver
54%
33 Radiohead Kid A
53%
26 Kanye West My Beautiful Dark Twisted Fantasy
52%
17 Marvin Gaye What's Going On?
52%
39 Nas Illmatic
50%
90 AC/DC Back In Black
49%
35 The Clash London Calling
49%
37 Wu-Tang Clan Enter the Wu-Tang (36 Chambers)
48%
99 Eagles Hotel California
48%
19 Dr. Dre The Chronic
48%
13 JAY-Z The Blueprint
45%
59 Arctic Monkeys AM
42%
22 Bruce Springsteen Born to Run
42%
32 The Notorious B.I.G. Ready to Die
42%
70 N.W.A. Straight Outta Compton
42%
98 Travis Scott ASTROWORLD
41%
27 Led Zeppelin Led Zeppelin II
41%
69 Metallica Master of Puppets
41%
92 Tyler, the Creator Flower Boy
40%
49 U2 The Joshua Tree
40%
52 Guns N' Roses Appetite for Destruction
39%
80 Eminem The Marshall Mathers LP
39%
31 Alanis Morissette Jagged Little Pill
38%
25 Miles Davis Kind of Blue
38%
47 Drake Take Care
38%
60 The Velvet Underground & Nico The Velvet Underground & Nico
37%
41 Outkast Aquemini
36%
63 The Jimi Hendrix Experience Are You Experienced
36%
36 Beyonce Beyonce
36%
23 Daft Punk Discovery
36%
84 Snoop Dogg Doggystyle
36%
66 The Smiths The Queen Is Dead
36%
58 Oasis (What's the Story) Morning Glory?
36%
82 50 Cent Get Rich or Die Tryin'
35%
14 Bob Dylan Highway 61 Revisited
35%
68 The Strokes Is This It
33%
72 SZA SOS
33%
29 A Tribe Called Quest The Low End Theory
33%
78 Elton John Goodbye Yellow Brick Road
32%
97 Rage Against the Machine Rage Against the Machine
32%
62 2Pac All Eyez on Me
30%
79 Lana Del Rey Norman Fucking Rockwell
30%
50 Kate Bush Hounds of Love
29%
38 Carole King Tapestry
29%
30 Billie Eilish WHEN WE ALL FALL ASLEEP, WHERE DO WE GO?
29%
43 Talking Heads Remain in Light
28%
89 Lady Gaga The Fame Monster
28%
73 Steely Dan Aja
26%
55 Rhianna ANTI
26%
53 The Rolling Stones Exile on Main St.
25%
48 Beastie Boys Paul's Boutique
25%
57 D'Angelo Voodoo
25%
56 The Cure Disintegration
23%
67 Portishead Dummy
23%
83 Patti Smith Horses
23%
44 Stevie Wonder Innervisions
23%
34 Public Enemy It Takes a Nation of Millions to Hold Us Back
23%
96 Lorde Pure Heroine
23%
46 Bob Marley & The Wailers Exodus
22%
74 Nine Inch Nails The Downward Spiral
21%
54 John Coltrane A Love Supreme
20%
95 Usher Confessions
20%
45 Bjork Homogenic
20%
77 Madonna Like a Prayer
20%
61 Sade Love Deluxe
18%
51 Prince Sign O' the Times
16%
76 Bad Bunny Un Verano Sin Ti
16%
64 Erykah Badu Baduizm
15%
81 Neil Young After the Gold Rush
13%
85 Kacey Musgraves Golden Hour
13%
65 De La Soul Three Feet High and Rising
13%
93 Solange A Seat at the Table
12%
87 Massive Attack Blue Lines
12%
42 Janet Jackson Control
11%
100 Robyn Body Talk
10%
75 Missy Elliot Supa Dupa Fly
10%
71 Kraftwerk Trans-Europe Express
10%
40 Aretha Franklin I Never Loved a Man the Way I Loved You
9%
94 Burial Untrue
9%
88 Nina Simone I Put a Spell On You
7%
91 George Michael Listen Without Prejudice Vol. 1
7%
86 Mary J. Blige My Life
7%
No matching quizzes found
Score Distribution
Percent of People with Each Score
Percentile by Number Answered
Your Score History
You have not taken this quiz since the last reset